00517nam a2200205Ia 4500003000400000005001700004008004100021020002200062040000700084041000800091082001900099100005500118245002700173250000600200260003800206300001700244365001400261650001400275650002200289OSt20230525161040.0210423s2014 xx 000 0 und d a978-0-19-872871-9 cAL aeng a547223b CLAO aCLAYDEN (Jonathan);GREEVES (Nick);WARREN (Stuart). aOrganic chemistry Ed 2 a2 aNDbOxford University Pressc2014 axxv,1234bPB b2250cINR aChemistry aOrganic Chemistry